| 000 | 01572cam a22002897a 4500 | ||
|---|---|---|---|
| 001 | 459 | ||
| 005 | 20230425105845.0 | ||
| 008 | 110822s2011 nyua 000 1 eng | ||
| 020 | _a9780843198416 | ||
| 020 | _a0843198419 | ||
| 040 |
_aDLC _cDLC _dDLC |
||
| 050 | 0 | 0 | _aMLCM 2012/42182 (P) |
| 082 | _a741.5 | ||
| 100 | 1 | _aBlack, Jake. | |
| 245 | 1 | 0 |
_aGreen Lantern : _bHal Jordan, defender of Earth / _cadapted by Jake Black ; illustrated by Steven E. Gordon ; screenplay by Greg Berlanti & Michael Green & Marc Guggenheim and Michael Goldberg ; screenstory by Greg Berlanti & Michael Green & Marc Guggenheim, based upon characters appearing in comic books published by DC Comics. |
| 246 | 3 | _aHal Jordan, defender of Earth | |
| 260 |
_aNew York : _bPrice Stern Sloan, _c2011. |
||
| 300 |
_a47 pages : _billustrations ; _c23 cm. |
||
| 500 | _a"Green Lantern, Level 3"--Cover. | ||
| 505 | _aK | ||
| 520 | _aDuring a routine test flight above the deserts of the Southwest, ace pilot HAL JORDAN has a too-close-for-comfort encounter with a UFO. His jet takes a nosedive, but before HAL bites the dust, a gigantic green hand appears, grabs the aircraft, and prevents the crash. The mysterious UFO reveals HAL'S alien rescuer who possesses an amazing green ring of untold power. What does HAL do when the alien offers him the ring, and announces that the human pilot is now the new GUARDIAN OF EARTH? | ||
| 521 |
_a540
_bLexile |
||
| 521 |
_aK
_bRaz-Plus |
||
| 700 | 1 | _aGordon, Steven E. | |
| 906 |
_a7 _bcbc _corigres _d4 _encip _f20 _gy-gencatlg |
||
| 942 |
_2ddc _cBK _n0 |
||
| 999 |
_c459 _d459 |
||